Issues, challenges and reforms in higher education / (Record no. 73149)

MARC details
000 -LEADER
fixed length control field 00815nam a22002057a 4500
005 - DATE AND TIME OF LATEST TRANSACTION
control field 20130117153941.0
010 ## - LCCN (DPL NO)
LC control number ENG-106629
020 ## - INTERNATIONAL STANDARD BOOK NUMBER
International Standard Book Number 9788171327195
Terms of availability 850.00
035 ## - SYSTEM CONTROL NUMBER
System control number EN-90162
037 ## - SOURCE OF ACQUISITION
Source of stock number/acquisition DBAD/PUB
100 ## - MAIN ENTRY--PERSONAL NAME
Personal name Sivamurugan, C.
245 ## - TITLE STATEMENT
Title Issues, challenges and reforms in higher education /
Statement of responsibility, etc by C. Sivamurugan, D. Sivakumar [and] Shakespeare Isreal
260 ## - PUBLICATION, DISTRIBUTION, ETC. (IMPRINT)
Place of publication, distribution, etc Jaipur
Name of publisher, distributor, etc Pointer Publishers
Date of publication, distribution, etc 2013
270 ## - ADDRESS
Address 807, Vyas Building, Chaura Rasta
City Jaipur
Postal code 302003
300 ## - PHYSICAL DESCRIPTION
Extent xvii, 230p.
Dimensions 20cm (Hb)
700 ## - ADDED ENTRY--PERSONAL NAME
9 (RLIN) 54873
Personal name Sivakumar, D.
700 ## - ADDED ENTRY--PERSONAL NAME
Personal name Isreal, S. Shakespeare
9 (RLIN) 54885
942 ## - ADDED ENTRY ELEMENTS (KOHA)
Source of classification or shelving scheme Dewey Decimal Classification
Item type English Books
Call number suffix SIV
Classification part 370.7110954
Holdings
Withdrawn status Lost status Not for loan Collection code Home library Current library Date acquired Source of acquisition Cost, normal purchase price Full call number Barcode Copy number Cost, replacement price Koha item type
      Non-fiction D.B.Act.Division D.B.Act.Division 17/01/2013 DBAD/PUB 850.00 370.7110954 SIV EN-90162 1 850.00 English Books

© Delhi Public Library
Hit Counter
free hit counter